[Event "88th GER-ch Men 2017"]
[Site "Apolda"]
[Date "2017.06.25"]
[Round "3"]
[White "Hoefelsauer, Thomas"]
[Black "Prenzler, Daniel"]
[Result "1/2-1/2"]
[WhiteElo "2395"]
[BlackElo "2210"]
[Annotator "TA"]
[PlyCount "191"]
[EventDate "2017.??.??"]
[EventType "swiss"]
[EventCountry "GER"]
[SourceTitle "playchess.com"]
[Source "ChessBase"]
[SourceQuality "1"]

{[%evp 18,191,88,71,70,67,69,70,70,54,81,82,80,84,78,68,71,74,83,64,73,50,47,0,72,30,38,33,35,36,40,29,47,18,16,19,19,18,33,34,25,8,8,8,10,8,9,10,9,10,9,8,8,8,12,0,8,8,8,8,7,0,0,0,8,8,8,8,8,8,8,8,8,8,8,8,8,8,8,8,8,8,8,8,8,8,8,8,8,0,8,8,8,8,8,8,8,8,8,8,8,8,8,8,8,8,8,8,8,8,8,8,8,8,8,8,8,8,8,8,8,8,8,8,8,8,8,8,8,8,8,8,8,8,8,8,8,8,8,0,8,8,8,8,8,8,8,8,8,8,8,8,8,0,8,8,8,8,8,8,8,8,8,0,8,8,8,8,8,0,8,0,8,8,8,8]} 1. d4 Nf6 2. Nf3 c5 3. c4 cxd4 4. Nxd4 Nc6 5. g3 g6 6. Bg2 Bg7 7. O-O O-O 8. Nc3 a6 9. c5 Qc7 10. Nb3 {LiveBook: 6 Games. A39: Symmetrical English vs ...g6: 4 Bg2 Bg7 5 Nf3 Nf6 6 0-0 0-0 7 d4} Rd8 (10... b5 11. Bf4 Qa7 12. Qd2 Bb7 13. a4 b4 14. Nb5 axb5 15. axb5 Nd4 16. Qxd4 Nd5 17. Rxa7 Bxd4 18. Rxb7 Bxb2 19. Bxd5 {1-0 (19) Stanec,N (2474)-Stummer,A (2325) Vienna 2015}) 11. Bf4 d6 12. cxd6 {White is slightly better.} exd6 13. Bg5 $146 ({Predecessor:} 13. Rc1 Be6 14. Nd4 Nxd4 15. Qxd4 Nh5 16. Qd2 Nxf4 17. Qxf4 Qa5 {½-½ (17) Neumeier,K (2286)-Sandhu,M (2280) Austria 2017}) 13... Re8 14. Rc1 Be6 15. Nd4 Rac8 16. Nxe6 fxe6 17. Bf4 Rcd8 18. Qb3 Qe7 19. Rfd1 d5 20. Qb6 Qb4 (20... Ng4 $11) 21. Bc7 {[#] Hoping for Qxb4.} Rc8 22. Qxb4 Nxb4 23. Bd6 Bf8 24. Bxf8 Kxf8 25. e4 (25. a3 {with more complications.} Nc6 26. Na4 Ne5 27. Nc5 Rc6 28. Nxb7 Rb6 29. Nc5) 25... dxe4 26. Nxe4 Rxc1 27. Rxc1 Nxe4 28. Bxe4 Nxa2 $11 {[%mdl 4096] Endgame KRB-KRN} 29. Rc7 (29. Ra1 $5 {[%cal Ra1a2]} Nb4 30. Bxb7 $11) 29... Re7 {The position is equal.} 30. Rxb7 Rxb7 31. Bxb7 {KB-KN} Nb4 32. Be4 Ke7 33. f4 Kd6 34. Kf2 Kc5 35. Ke3 Kc4 36. h4 Kb3 37. h5 gxh5 38. Bxh7 Kxb2 39. Bg8 Nd5+ 40. Kd4 Nc7 {[#] White must now prevent ...a5.} 41. Ke5 a5 {aiming for ...a4.} 42. Kd6 Nb5+ 43. Kxe6 Nd4+ 44. Ke5 Nb3 45. f5 a4 $1 46. f6 a3 47. f7 a2 48. f8=Q a1=Q 49. Qb4 Kc2+ 50. Kf5 Nd4+ 51. Ke4 Qh1+ 52. Kxd4 Qg1+ 53. Kc4 {Intending Qc3+ and mate.} Qxg3 54. Bh7+ Kd1 55. Be4 Qe3 56. Qd6+ Ke1 57. Bd3 Kf2 58. Qh2+ Kf3 59. Qxh5+ Kg3 60. Qg6+ Kf2 61. Qf6+ Kg3 62. Bf5 Qd2 63. Be4 Qf4 64. Qg7+ Qg4 65. Qc3+ Kh4 66. Qe5 Qe2+ 67. Kc5 Qe3+ 68. Kc6 Qh6+ 69. Kd5 Qd2+ 70. Ke6 Qh6+ 71. Kd7 Qd2+ 72. Ke8 {White wants to play Bf3.} Qe3 73. Kf7 Qf2+ 74. Bf5 Kg5 (74... Qa7+ {is more complex.} 75. Kf6 Qb6+ 76. Ke7 Qb7+ 77. Kd8 Qb6+) 75. Qe7+ (75. Ke6 {looks sharper.} Qb6+ 76. Ke7 Qb4+ 77. Kf7 Qf4 78. Qf6+) 75... Kf4 76. Qe4+ Kg3 77. Kg6 Qf4 78. Qe2 Qd6+ 79. Kh5 Qc5 80. Qe4 Kf2 81. Kg4 Qe3 82. Qb4 Qg3+ 83. Kh5 Qe5 84. Kg5 Qe3+ 85. Kh5 Qe5 86. Kg6 Ke3 87. Qb3+ Kf2 88. Qc2+ Qe2 89. Qc1 Qe3 90. Qb1 Qg3+ 91. Kh5 Qf3+ 92. Bg4 Qf7+ 93. Kg5 Qg7+ 94. Kf4 {Qc2+ would kill now.} Qf6+ 95. Qf5 Qxf5+ 96. Bxf5 {Precision: White = 61%, Black = 85%.} 1/2-1/2

[Event "88th GER-ch Men 2017"]
[Site "Apolda"]
[Date "2017.06.25"]
[Round "3"]
[White "Langheinrich, Ferenc"]
[Black "Keymer, Vincent"]
[Result "0-1"]
[WhiteElo "2363"]
[BlackElo "2411"]
[Annotator "TA"]
[PlyCount "114"]
[EventDate "2017.??.??"]
[EventType "swiss"]
[EventCountry "GER"]
[SourceTitle "playchess.com"]
[Source "ChessBase"]
[SourceQuality "1"]

{[%evp 19,114,-18,-15,-8,-14,-33,-36,-73,-31,-41,-26,-41,-12,-21,0,-56,-57,-67,-61,-89,-36,-89,-89,-91,-85,-97,-116,-118,-93,-82,-86,-91,-82,-79,-72,-106,-43,-54,-22,-21,-12,-16,-20,-48,-47,-91,-61,-91,-86,-162,-159,-162,-149,-162,-142,-146,-154,-146,-145,-150,-151,-173,-185,-177,-183,-208,-199,-229,-248,-225,-186,-186,-193,-354,-308,-322,-326,-290,-276,-339,-334,-372,-313,-313,-313,-309,-297,-422,-412,-414,-354,-323,-345,-587,-580,-651,-647]} 1. Nf3 d5 2. g3 c6 3. Bg2 Bg4 4. b3 Nd7 5. Bb2 Ngf6 6. O-O e6 7. d3 Bd6 8. Nbd2 O-O 9. h3 Bh5 10. e4 e5 {LiveBook: 71 Games. A07: Réti Opening: New York and Capablanca Systems} 11. g4 Bg6 12. Nh4 Re8 {Black is slightly better.} 13. Nf5 Bf8 {[#]} 14. Re1 $146 ({Predecessor:} 14. Qe2 Nc5 15. Rae1 dxe4 16. dxe4 Qc7 17. Nf3 {0-1 (39) Movsziszian,K (2525)-Kindermann,S (2560) Germany 1994}) 14... Qc7 15. Qf3 Nc5 16. Qg3 dxe4 (16... Bxf5 $5 17. gxf5 Nh5 $15) 17. d4 (17. Nxe4 $11 Nfxe4 18. dxe4) 17... Qd7 $15 18. dxe5 Nxg4 19. Nxe4 Nxe4 (19... Bxf5 $17 20. Rad1 Qe6 21. hxg4 Bxg4) 20. Bxe4 (20. Rxe4 $15 Nxe5 21. Nxg7 Bxg7 22. Bxe5) 20... Bxf5 $17 21. Rad1 Qe6 22. hxg4 Bxg4 23. Rd3 Bf5 24. Bxf5 Qxf5 25. Red1 Re6 26. Qf3 Qg6+ 27. Qg3 Qxg3+ ({Black should try} 27... Qh5 $17 28. Kf1 Rh6) 28. Rxg3 $15 g6 29. f4 Bc5+ 30. Kg2 Kf8 31. b4 Bb6 32. Rgd3 Ke8 33. c4 Rd8 34. c5 (34. Rxd8+ $17 {might work better.} Bxd8 35. Rh1) 34... Rxd3 $19 35. Rxd3 {[%mdl 4096] Endgame KRB-KRB} Bc7 36. Rh3 {[#]} h5 $1 37. Kf3 Re7 38. Bd4 Rd7 39. Ke4 Ke7 40. a4 Ke6 41. Rf3 Bd8 42. b5 h4 43. bxc6 bxc6 44. Rb3 f5+ 45. exf6 Bxf6 46. Be3 $2 (46. Bxf6 Kxf6 47. Rb8) 46... Rh7 47. Rd3 Be7 48. Bg1 Rh5 49. Rc3 h3 {And now ...h2 would win.} 50. Bh2 Rxc5 51. Rxh3 Rc4+ 52. Kd3 Rxa4 {[#] Strongly threatening ...Ra3+.} 53. Rh7 (53. Re3+ {keeps fighting.} Kf6 54. Re1) 53... a5 {[%cal Ba7a5,Ba5a4][%mdl 32]} 54. Kc2 Bf6 55. Kd3 Rd4+ 56. Ke3 $2 (56. Kc2) 56... a4 {Threatens to win with ...Rd7.} 57. Rc7 Rc4 {Precision: White = 37%, Black = 74%.} 0-1

[Event "88th GER-ch Men 2017"]
[Site "Apolda"]
[Date "2017.06.25"]
[Round "3"]
[White "Fuchs, Florian"]
[Black "Tonndorf, Matthias"]
[Result "1/2-1/2"]
[WhiteElo "2335"]
[BlackElo "2256"]
[Annotator "TA"]
[PlyCount "107"]
[EventDate "2017.??.??"]
[EventType "swiss"]
[EventCountry "GER"]
[SourceTitle "playchess.com"]
[Source "ChessBase"]
[SourceQuality "1"]

{[%evp 9,107,54,91,65,83,56,66,59,82,96,89,50,92,39,101,100,115,124,126,135,133,128,124,122,117,124,116,117,122,131,118,122,128,127,141,110,173,184,180,98,98,98,98,98,99,98,98,124,103,102,91,65,142,0,0,0,64,64,61,66,67,64,113,50,50,52,144,143,137,0,105,0,129,47,56,56,49,22,80,23,20,22,16,24,16,16,37,51,38,11,41,42,49,55,51,34,36,0,0,0]} 1. e4 c5 2. Nf3 b6 3. d4 cxd4 4. Nxd4 Bb7 5. Nc3 d6 {LiveBook: 7 Games} 6. f3 {B27: Sicilian: 2 Nf3, unusual Black 2nd moves} (6. Bg5 Nd7 7. Bc4 a6 8. Qe2 b5 9. Bd5 Qc8 10. O-O Ngf6 11. Rad1 e6 12. Nxe6 fxe6 13. Bxe6 Be7 14. Bxf6 gxf6 {1-0 (44) Novikov,M (2503)-Sukharev,A (2267) Donskoj 2010}) 6... Nf6 7. Be3 Nbd7 8. g4 $146 {[%cal Bg2g4,Bg4g5][%mdl 32] White is slightly better.} ({Predecessor:} 8. Qd2 e6 9. Bd3 Be7 10. g4 e5 11. Nf5 Bf8 12. Nb5 Nc5 13. Bxc5 dxc5 14. O-O-O Be7 15. Nfd6+ Bxd6 16. Nxd6+ Qxd6 17. Bb5+ {1-0 (17) Kunisch,N (1215)-Da Silva Guenther,T (1018) Frankfurt 2014}) 8... Rc8 9. g5 Nh5 10. Bh3 g6 11. Qd2 (11. Bg4 $1 $16) 11... a6 ({Better is} 11... h6 $14) 12. Nd5 $16 e6 {[#]} 13. Bxe6 $1 {[%mdl 512]} fxe6 14. Nxe6 {[%cal Bd4e6,Be6d8,Bd8b7][%mdl 32]} Ne5 {[%cal Bd7e5,Be5f3,Bf3d2][%mdl 32]} 15. Nxd8 Nxf3+ 16. Kd1 Nxd2 17. Nxb7 {Hoping for Bd4.} Nc4 18. Bd4 $36 {[%mdl 2048] Keeping Black busy.} ({Don't blunder} 18. Bxb6 $2 Nxb6 19. Nxb6 Rb8 $19) 18... Bg7 19. Bxg7 Nxg7 20. b3 Rb8 21. bxc4 Rxb7 22. Rf1 Rf8 (22... Ne6 $16) 23. Rxf8+ $18 Kxf8 {[%mdl 4096] Endgame KRN-KRN} 24. Rb1 (24. Kd2 $18) 24... Ne6 $16 25. h4 ({But not} 25. Rxb6 Rxb6 26. Nxb6 Nxg5 $14) 25... Nc5 26. Nf6 Ke7 27. Ke2 Ke6 28. Ke3 Nd7 29. Nxh7 Ne5 30. Nf8+ Ke7 (30... Kf7 $1 $14) 31. Rf1 (31. Nxg6+ $1 $16 Nxg6 32. h5) 31... Rb8 $11 32. Nh7 {aiming for Nf6.} Nxc4+ ({Black should try} 32... Rh8 $11 33. Nf6 Rxh4) 33. Kd4 $14 Ne5 34. Nf6 b5 35. Nd5+ Kd7 {[#]} 36. Rf6 (36. Ke3 $1 $16) 36... Rh8 37. Rf4 Nc6+ (37... a5 $14) 38. Ke3 $16 {Rf7+ is the strong threat.} Ne5 39. Kd4 Nc6+ $1 40. Ke3 Ne5 41. Nb4 (41. Kf2 $16) 41... Rc8 42. Kd2 a5 43. Nd3 {Strongly threatening Nxe5+.} (43. Nd5 {looks sharper.} Rh8 44. Ke2 b4 45. Ke3 Kc6 46. Kd4) 43... Nc4+ (43... Ke7 $11 {keeps the balance.}) 44. Kc1 (44. Ke2 $16) 44... Rh8 $11 45. c3 Ke7 46. Kd1 Ne5 47. Ke2 Nc4 48. Ne1 Ne5 49. Nc2 Rc8 50. Ne3 Rh8 51. Nd5+ Kd7 52. Kf1 Kc6 53. Ke2 Kc5 54. Kd1 {Precision: White = 41%, Black = 52%.} 1/2-1/2

[Event "88th GER-ch Men 2017"]
[Site "Apolda"]
[Date "2017.06.25"]
[Round "3"]
[White "Hirneise, Jens"]
[Black "Schneider, Jana"]
[Result "1-0"]
[WhiteElo "2328"]
[BlackElo "2270"]
[Annotator "TA"]
[PlyCount "75"]
[EventDate "2017.??.??"]
[EventType "swiss"]
[EventCountry "GER"]
[SourceTitle "playchess.com"]
[Source "ChessBase"]
[SourceQuality "1"]

{[%evp 22,75,20,23,59,58,58,64,60,64,65,65,111,111,140,123,127,136,143,142,135,133,139,129,200,194,238,218,231,217,233,224,233,227,218,212,242,235,235,226,237,239,313,302,415,362,519,495,991,985,965,929,1222,1202,1771,1656]} 1. e4 e5 2. Nf3 Nc6 3. Bb5 {[%cal Bf1b5,Bb5a4,Ba4b3,Bb3d5][%mdl 32]} a6 4. Ba4 Nf6 5. O-O Be7 6. d3 b5 7. Bb3 O-O 8. Nc3 d6 9. a3 Bg4 10. Be3 Qd7 {C84: Closed Ruy Lopez: Unusual White 6th moves} 11. Nd5 (11. h3 Be6 12. Nd5 Na5 13. Ba2 Nxd5 14. exd5 Bf5 15. Rc1 c6 16. b4 Nb7 17. d4 Bf6 18. dxc6 Qxc6 {1-0 (60) Sethuraman,S (2629)-Akopian,V (2675) Sharjah 2017}) 11... Nxd5 12. Bxd5 {LiveBook: 6 Games} Bxf3 $146 {White has an edge.} ({Predecessor:} 12... Be6 13. Qd2 Rab8 14. c4 Bg4 15. cxb5 axb5 16. Ne1 Bd8 17. Rc1 Ne7 18. Ba2 {½-½ (37) Shyam,S (2492)-Kessler,L (2364) Barcelona 2015}) 13. Qxf3 Rad8 14. c3 Bf6 15. b4 Ne7 16. Bb3 Ng6 17. g3 Rfe8 18. h4 {[%cal Bh2h4,Bh4h5][%mdl 32]} Nf8 19. h5 Qe7 20. a4 Ne6 21. axb5 axb5 22. Bd5 Ng5 (22... Bg5 $16 23. Bc6 Rf8 24. Bxb5 Bxe3 25. fxe3 (25. Qxe3 f5 $16) 25... Ra8) 23. Qg4 $18 Rf8 24. Ra5 h6 25. Rfa1 Qe8 26. Ra6 Rb8 27. Ba7 Rd8 28. Kg2 Rc8 29. Bb7 Rd8 30. Bc6 Qe6 31. Qxe6 fxe6 32. Bxb5 d5 33. Bc5 Rf7 (33... dxe4 $142 34. Bxf8 Kxf8 35. dxe4 Nxe4) 34. Ra8 {White is clearly winning.} Kh7 (34... Rff8 $142 35. Bxf8 Kxf8) 35. Rxd8 Bxd8 36. Ra8 Be7 37. Be8 Bxc5 38. Bxf7 {Precision: White = 95%, Black = 27%.} 1-0

[Event "88th GER-ch Men 2017"]
[Site "Apolda"]
[Date "2017.06.25"]
[Round "3"]
[White "Engel, Luis"]
[Black "Svane, Rasmus"]
[Result "0-1"]
[WhiteElo "2321"]
[BlackElo "2577"]
[Annotator "TA"]
[PlyCount "84"]
[EventDate "2017.??.??"]
[EventType "swiss"]
[EventCountry "GER"]
[SourceTitle "playchess.com"]
[Source "ChessBase"]
[SourceQuality "1"]

{[%evp 21,84,-19,20,14,16,16,22,-12,-15,-25,-14,-29,0,-11,-16,-18,0,-21,-23,-77,-43,-60,-83,-109,-113,-96,-110,-90,-107,-171,-179,-174,-182,-172,-167,-272,-259,-256,-247,-317,-193,-308,-308,-289,-295,-355,-303,-306,-189,-190,-166,-173,-160,-166,-133,-145,-134,-602,-600,-593,-554,-1812,-1613,-1317,-1249]} 1. e4 e6 2. d4 d5 3. Nd2 Be7 4. Bd3 c5 5. dxc5 Nf6 6. Qe2 O-O 7. Ngf3 {C03: French Tarrasch: Unusual Black 3rd moves} a5 8. a4 (8. O-O Na6 9. e5 Nd7 10. c3 Naxc5 11. Bb5 f6 12. exf6 Bxf6 13. Nb3 Nxb3 14. axb3 e5 15. Bxd7 Bxd7 16. Nxe5 {1-0 (45) Zhigalko,S (2652)-Shirov,A (2673) Baku 2016}) 8... Na6 9. e5 Nd7 10. c3 Naxc5 11. Bc2 b6 {LiveBook: 3 Games} 12. Nd4 Ba6 13. Nb5 f6 14. Nf3 $146 ({Predecessor:} 14. exf6 Bxf6 {1-0 (50) Akshayraj,K (2459)-Das,S (2312) Kolkata 2012}) 14... fxe5 15. Nxe5 Nxe5 16. Qxe5 Qe8 (16... Bf6 $5 {[%cal Rf6e5]} 17. Qe2 (17. Qh5 g6 $15) 17... d4 18. cxd4 Bxd4 $15) 17. O-O Bf6 $36 {[%mdl 2048] Black is pushing.} 18. Qe2 e5 19. Be3 {[#] Strongly threatening Bxc5.} d4 $1 {[%mdl 512]} 20. Bd2 (20. Qc4+ $11 Qf7 21. Qxf7+ Rxf7 22. Bd2) (20. cxd4 Bxb5) 20... Rd8 21. Qc4+ $1 Kh8 22. cxd4 Rxd4 23. Qc3 Bxb5 24. axb5 Qxb5 25. Be3 (25. Qh3 $17 e4 26. Bc3) 25... Rc4 $19 26. Bd3 Nxd3 ({Don't do} 26... Rxc3 27. Bxb5 Rb3 28. Bxc5 $17) 27. Qxd3 Rb4 28. Qa3 (28. Qd6 {was necessary.} Rg8 29. Qe6) 28... e4 29. Rab1 {White wants to play Bd2.} Rd8 {White must now prevent ...Ra4.} 30. Rfd1 Rxd1+ 31. Rxd1 h6 32. h3 Bxb2 33. Rd8+ Kh7 34. Qa2 {[#] Threatens to win with Qg8+.} Qc4 35. Qxc4 Rxc4 36. Bxb6 {[%mdl 4096] Endgame KRB-KRB} a4 {[%cal Ba5a4,Ba4a3][%mdl 32]} 37. Ra8 Kg6 38. Kf1 a3 39. Bd8 $2 {[%mdl 8192]} (39. Be3 $17) 39... Rc1+ {Black is clearly winning.} 40. Ke2 Rc2+ 41. Kf1 Bc3 {( -> ...Rc1+)} 42. Ra6+ Kh7 {Precision: White = 49%, Black = 78%.} 0-1

[Event "88th GER-ch Men 2017"]
[Site "Apolda"]
[Date "2017.06.25"]
[Round "3"]
[White "Miller, Eduard"]
[Black "Heinert, Eugen"]
[Result "0-1"]
[WhiteElo "2319"]
[BlackElo "2151"]
[Annotator "TA"]
[PlyCount "130"]
[EventDate "2017.??.??"]
[EventType "swiss"]
[EventCountry "GER"]
[SourceTitle "playchess.com"]
[Source "ChessBase"]
[SourceQuality "1"]

{[%evp 14,130,6,-16,-10,-20,0,-35,-25,-33,-24,-30,-29,-35,15,-24,-6,-6,-10,-23,5,-40,-45,-31,-46,-27,-43,-16,-21,-53,0,0,0,0,0,-7,-7,-6,-2,-7,0,0,0,0,10,0,0,-17,0,-9,0,-8,0,0,0,0,0,-6,0,0,0,-22,-8,-14,-12,-76,-72,-79,-72,-91,-74,-74,-76,-115,-38,-151,-156,-151,-142,-142,-123,-157,-147,-157,-150,-157,0,-9,-9,-9,-10,-15,-18,-33,-41,-47,8,0,0,-760,-750,-757,-758,-731,-731,-29987,-710,-689,-696,-658,-660,-543,-519,-918,-910,-695,-677,-29990,-29991]} 1. e4 e6 2. d3 d5 3. Nd2 Nf6 4. Ngf3 Nc6 5. c3 e5 6. Be2 Bd6 7. O-O O-O 8. b4 Ne7 {C44: Ponziani Opening and Scotch Gambit} (8... a5 9. b5 Ne7 10. Re1 Ng6 11. Bf1 a4 12. g3 Be6 13. exd5 Bxd5 14. c4 Be6 15. Bb2 Re8 16. Qc2 {0-1 (29) Zhang,Z (2645)-Svane,R (2555) Doha 2016}) 9. Re1 Ng6 10. a3 c6 {Black is slightly better.} 11. Bf1 Re8 12. g3 a5 $146 ({Predecessor:} 12... h6 13. Bg2 Be6 14. Nf1 Qd7 15. h4 Rad8 16. Qc2 {0-1 (27) Bukacek,E (2181)-Teuber,A (2176) Austria 2015}) 13. Bb2 Qb6 14. Rb1 axb4 15. axb4 Qc7 16. Qb3 h6 17. c4 {[%cal Re4d5]} d4 18. c5 Bf8 19. Nc4 Be6 20. Qc2 Nd7 21. Bc1 Ra6 (21... b5 $15 22. cxb6 Nxb6) 22. Bd2 $11 Rea8 23. Rec1 Ra2 24. Rb2 Bxc4 25. dxc4 R2a3 26. Ne1 Nf6 27. Bg2 Qb8 28. Nd3 Qa7 29. Kf1 Be7 (29... Qa4 $5 {[%cal Ra4c2]} 30. Qb1 Ra2 $11) 30. Ke2 Nd7 31. h4 Ngf8 32. Bh3 Qa4 33. Qxa4 R8xa4 34. f3 h5 35. Be1 f6 36. Rcb1 Kf7 37. f4 g5 38. hxg5 fxg5 39. Bf5 (39. fxg5 $11 {remains equal.} Bxg5 40. b5) 39... exf4 $17 40. gxf4 gxf4 {And now ...f3+! would win.} 41. Rb3 Rxb3 42. Rxb3 Ra2+ 43. Kf3 Bg5 ({Better is} 43... Bf6 $1 $17 {Strongly threatening ...Ne5+.} 44. b5 Ne5+ 45. Nxe5+ Bxe5 46. bxc6 bxc6 47. Rb7+ Kg8) 44. b5 (44. e5 $1 $15) 44... Kf6 $1 45. Bf2 Ne5+ 46. Nxe5 Kxe5 47. bxc6 bxc6 48. Rb8 {Hoping for Re8+.} Ra3+ 49. Kg2 Ra2 $2 (49... f3+ $17 50. Kh3 Ra1) 50. Rxf8 {Black must now prevent Bg6.} (50. Kf3 $5 {[%cal Rb8e8]} Ra3+ 51. Kg2 f3+ 52. Kh3 $17) 50... Bh4 $1 51. Re8+ Kf6 52. Re6+ Kg7 53. Rg6+ Kf8 54. Rxc6 Bxf2 $15 {[%mdl 4096] Endgame KRB-KRB} ({Black should try} 54... f3+ $15 55. Kh2 Bxf2) 55. Rc8+ Ke7 56. Rc7+ $2 {[%mdl 8192]} (56. e5 $11) 56... Kf6 $19 {aiming for ...Bg3+.} 57. Rc6+ {[#]} Kg5 $1 {( -> ...Bg3+)} 58. Kf3 Bg3 {[%csl Gg3][%cal Ra2f2]} 59. Rg6+ Kh4 {[%csl Gg3][%cal Ra2f2]} 60. e5 Ra3+ 61. Ke4 {Threatens to win with c6.} f3 {[%cal Bf4f3,Bf3f2][%mdl 32] ...f2 is the strong threat.} 62. Rf6 {[#]} f2 $1 {[%cal Rf2f1]} 63. Bd7 (63. Bh7 $142 Ra7 64. Bg8) 63... Re3+ ({Not} 63... Ra1 64. c6 $11) 64. Kxd4 Re1 65. e6 Be5+ {Precision: White = 49%, Black = 60%.} 0-1

[Event "88th GER-ch Men 2017"]
[Site "Apolda"]
[Date "2017.06.25"]
[Round "3"]
[White "Kolbus, Dietmar"]
[Black "Buhmann, Rainer"]
[Result "1/2-1/2"]
[WhiteElo "2306"]
[BlackElo "2590"]
[Annotator "TA"]
[PlyCount "103"]
[EventDate "2017.??.??"]
[EventType "swiss"]
[EventCountry "GER"]
[SourceTitle "playchess.com"]
[Source "ChessBase"]
[SourceQuality "1"]

{[%evp 17,103,4,16,-2,30,30,33,21,29,21,22,5,11,0,0,0,0,0,7,0,10,1,0,-11,-6,-14,0,0,0,0,0,0,0,-1,0,-4,-6,-7,0,0,0,-8,0,0,0,0,0,0,0,0,0,0,0,-8,-6,-6,0,0,0,0,0,0,0,0,0,0,0,0,0,0,0,0,0,0,0,0,0,0,0,0,0,0,0,0,0,0,0,0]} 1. c4 e6 2. Nf3 d5 3. d4 Nf6 4. Nc3 c6 5. e3 Nbd7 6. Qc2 Bd6 7. Be2 O-O 8. O-O dxc4 9. Bxc4 e5 (9... b5 $5 {[%cal Rb5c4]} 10. Bd3 Bb7 $11) 10. Re1 {D46: Semi-Slav: 5 e3 Nbd7 6 Bd3, Black avoids the Meran} (10. h3 exd4 11. exd4 Nb6 12. Bb3 Re8 13. Bg5 Be6 14. Rfe1 Bxb3 15. Qxb3 Rxe1+ 16. Rxe1 h6 17. Bxf6 Qxf6 18. a4 Qf5 19. Ne5 Re8 20. a5 Nd7 21. Nf3 Rxe1+ 22. Nxe1 b6 23. axb6 axb6 24. Qc4 c5 25. Nf3 Qc2 26. dxc5 {½-½ (26) Wang,Y (2723)-Lu,S (2616) Shenzhen 2016}) 10... b5 11. Bd3 Bb7 12. Ne4 {White is slightly better.} (12. b3 {is more complex.} g6 13. Bb2 exd4 14. exd4 a6 15. Qd2) 12... Nxe4 $146 ({Predecessor:} 12... Qe7 13. Nxd6 Qxd6 14. b3 exd4 15. exd4 Rfe8 16. Bb2 a6 17. Rad1 {0-1 (52) Kantor,J (2041)-Csema,T (2039) Hungary 2008}) 13. Bxe4 g6 {The position is equal.} 14. dxe5 Nxe5 15. Nxe5 Bxe5 16. Bd2 Re8 17. Bf3 Qc7 18. h3 c5 19. Bxb7 Qxb7 20. Bc3 Rad8 21. Red1 {[#] Rxd8 is the strong threat.} Rd5 (21... Qc7 {looks sharper.} 22. b3 Bxc3 23. Qxc3 Rd6 24. Rxd6 Qxd6 25. a4 a6) 22. Rxd5 Qxd5 23. Bxe5 Qxe5 $11 {[%mdl 4096] Endgame KQR-KQR} 24. Rd1 a6 25. a4 h5 26. axb5 axb5 27. b3 Rc8 28. Qd3 c4 29. bxc4 bxc4 30. Qd4 Qa5 31. Ra1 Qb4 32. Rc1 Qb3 33. Qd7 (33. Rc3 $5 {[%cal Rc3b3]} Qb4 34. e4 $11) 33... Qb8 34. Qd4 Qb4 35. Qd7 Qc5 36. Rc3 h4 (36... Ra8 $5 {[%cal Ra8a1]} 37. g4 hxg4 38. hxg4 Kg7 $11) 37. Qg4 g5 38. Kf1 Kg7 39. Ke2 Kg6 40. Qe4+ Kf6 41. f4 Kg7 42. Kf3 (42. fxg5 {seems wilder.} Qxg5 43. Ke1 Kf8 44. Rxc4 Qa5+ 45. Kd1) 42... gxf4 43. Qd4+ Qxd4 44. exd4 {KR-KR} Kf6 {[#] Threatens to win with ...Kf5.} 45. Ke4 $1 Ke6 {aiming for ...f5+.} 46. d5+ $1 Kd6 {Strongly threatening ...f5+!} 47. Kd4 $1 Rc5 48. Rxc4 Rxd5+ 49. Ke4 $1 Rg5 50. Rc2 Rg3 51. Kxf4 Ke6 52. Ke4 {Precision: White = 71%, Black = 63%.} 1/2-1/2

[Event "88th GER-ch Men 2017"]
[Site "Apolda"]
[Date "2017.06.25"]
[Round "3"]
[White "Frischmann, Rick"]
[Black "Tischbierek, Raj"]
[Result "1/2-1/2"]
[WhiteElo "2304"]
[BlackElo "2450"]
[Annotator "TA"]
[PlyCount "61"]
[EventDate "2017.??.??"]
[EventType "swiss"]
[EventCountry "GER"]
[SourceTitle "playchess.com"]
[Source "ChessBase"]
[SourceQuality "1"]

{[%evp 14,61,48,32,43,12,28,11,10,11,22,13,29,23,22,-34,68,27,67,87,76,75,75,72,92,20,22,-4,0,0,0,0,0,0,0,0,0,0,0,0,0,0,0,0,0,0,0,0,0,0]} 1. e4 Nf6 2. e5 Nd5 3. d4 d6 4. Bc4 c6 5. f4 g6 6. Nf3 Bg7 7. O-O {B03: Alekhine's Defence: Four Pawns Attack} O-O 8. Bb3 {LiveBook: 3 Games} b5 9. h3 {White is slightly better.} (9. c3 Bf5 10. Nh4 e6 11. Nxf5 exf5 12. Qf3 Nb6 13. Nd2 {½-½ (61) Kislinsky,A (2455)-Kovalenko,I (2449) Alushta 2009}) 9... Na6 10. Qe2 $146 ({Predecessor:} 10. Bxd5 cxd5 11. Nbd2 Qb6 12. Nb3 Bf5 13. c3 Nc7 14. Be3 a5 {1-0 (45) Oberst,T (2280)-Birk,S (2310) Germany 1999}) 10... Nac7 11. Qf2 f6 12. Nc3 Be6 13. Ne4 a5 14. a3 ({White should play} 14. a4 $11) 14... Nb6 (14... a4 $15 15. Ba2 Nb6) 15. exf6 exf6 16. Bxe6+ Nxe6 {[#]} 17. f5 $1 {[%cal Rf5e6][%mdl 512]} gxf5 18. Ng3 f4 19. Nh5 ({Better is} 19. Nf5 $16) 19... Nd5 $11 {The position is equal.} 20. Nxg7 (20. Re1 $5 {[%cal Re1e6]} Qc8 21. b3 $14) 20... Kxg7 21. Ne1 f5 22. Nd3 Qg5 23. Bxf4 Nexf4 24. Nxf4 Nxf4 25. Qxf4 Qxf4 26. Rxf4 {KRR-KRR} Rae8 27. Raf1 Re2 28. R1f2 Re1+ 29. Rf1 Re2 30. R1f2 Re1+ 31. Rf1 {Precision: White = 53%, Black = 56%.} 1/2-1/2